• Ayala, Manuel José de,

di Personal Name

Records bibliografici associati: 1

001 - CONTROL NUMBER

  • control field: 63186

003 - CONTROL NUMBER IDENTIFIER

  • control field: IT-RoINE

005 - DATE AND TIME OF LATEST TRANSACTION

  • control field: 20191007112339.0

008 - FIXED-LENGTH DATA ELEMENTS

  • fixed length control field: 191007|| aca||aabn | a|a d

040 ## - CATALOGING SOURCE

  • Original cataloging agency: IT-RoINE
  • Transcribing agency: IT-RoINE

100 ## - HEADING--PERSONAL NAME

  • Personal name: Ayala, Manuel José de,
  • Dates associated with a name: 1728-1805

670 ## - SOURCE DATA FOUND

  • Source citation: Work cat.: (IT-RoINE)0: Ayala, Manuel José de, 1728-1805, Notas a la Recopilación de Indias :, 1945-1946.